000 00705nam a2200241 a 4500
008
020 _a0073405000 (pbk.)
049 _aMAIN
090 _aHF5549.12
_bCER
100 1 _aCerto, Samuel C.
245 1 0 _aSupervision :
_bconcepts and skill-building /
_cSamuel C. Certo.
250 _a6th ed.
260 _aBoston :
_bMcGraw-Hill/Irwin,
_c2008.
300 _axxx, 573 p. :
_bill. ;
_c26cm.
504 _aIncludes bibliographical references.
500 _aIncludes index.
650 1 _aSupervision of employees.
907 _a.b10287036
_b08-03-11
_c11-11-10
003
005 20230120133836.0
040 _cNUST
942 _cBOOKS
_kHF5549.12
_mCER
999 _c96401
_d96401